000 00335nam a22001577a 4500
001 00028959
005 20260429120411.0
008 260429b ag ||||| |||| 00| 0 spa d
020 _a9788419096067
040 _bspa
_cAR-CcCEOS
080 _a82-2
090 _bMUS2
245 _aMushihime 2
650 0 _acomic
942 _2udc
_cBK
999 _c29012
_d29012
945 _a66467
_bMelina Rolando
_c66467
_dMelina Rolando